000 00346 a2200157 4500
001 61456
020 _a
040 _cAnchieta - Pituba
100 _aFlorêncio, J Honório O.
240 1 0 _aDoenças
_lpor
245 1 0 _aDoenças
300 _a58
362 0 _a1990
650 4 _aBIOLOGIA, CIÊNICAS DA VIDA (CIÊNCIAS NATURAIS)
942 _cBK
999 _c61456
_d61456